000 02554nam a22003977a 4500
005 2009061902092.0
008 030731s2003 ii 000 1 eng
010 _aENG-94111
020 _a9780198063254
_c375.00
020 _a0198063253
_c375.00
035 _aEN-77644
035 _aB-361770-775
037 _bDBAD / PUB
037 _bUppal Booka Store
040 _adpl
_bEnglish
082 _a840.9
240 _aYantrārūḍha.
_lEnglish
245 _aA wilderness of possibilities:
_cedited by Kathryn Hansen (and) David Lelyveld
_burdu studies in transnational perspective /
260 _aNew Delhi
_bOxford University Press
_c2009
270 _aYMCA Library Building, Jai Singh Road,
_bNew Delhi
_e110001
300 _axiii, 303 p.
_c22cm(pbk)
500 _aIncludes bibliographical references and index
650 _aUrdu literature
_xHistory and criticism.
650 _aPersian literature
_xHistory and criticism.
700 _aHansen Kathryn
700 _aLelyveld, David
942 _2ddc
_cEN
_mWIL
_h840.9
999 _c27620
_d27620